Normal view MARC view
  • Hordeski, Michael F.

Entry Personal Name

Number of records used in: 2

001 - CONTROL NUMBER

  • control field: 38113

003 - CONTROL NUMBER IDENTIFIER

  • control field: OSt

005 - DATE AND TIME OF LATEST TRANSACTION

  • control field: 20150603124945.0

008 - FIXED-LENGTH DATA ELEMENTS

  • fixed length control field: 150603|| aca||aabn | a|a d

040 ## - CATALOGING SOURCE

  • Original cataloging agency: OSt

100 10 - HEADING--PERSONAL NAME

  • Personal name: Hordeski, Michael F.

400 10 - SEE FROM TRACING--PERSONAL NAME

  • Personal name: Hordeski, Michael